Giáo trình hình họa 3 Sách dành cho Cao đẳng sư phạm

Gorde:
Xehetasun bibliografikoak
Egile nagusia: Triệu Khắc Lễ
Formatua: Liburua
Hizkuntza:Vietnamese
Argitaratua: H. Đại học sư phạm 2007
Gaiak:
Etiketak: Etiketa erantsi
Etiketarik gabe, Izan zaitez lehena erregistro honi etiketa jartzen!
Thư viện lưu trữ: Mạng thư viện Đại học Đà Nẵng
LEADER 00966nam a2200289 4500
001 000009473
003 5670
005 20111121141124.0
008 111027s2007 viesd
041 0 |a vie 
082 |a 743.4  |b TR-L 
100 0 |a Triệu Khắc Lễ 
245 0 |a Giáo trình hình họa 3  |b Sách dành cho Cao đẳng sư phạm  |c Triệu Khắc Lễ 
260 |a H.  |b Đại học sư phạm  |c 2007 
300 |a 256tr.  |c 24cm 
653 |a Hình họa 
910 |a Huỳnh thị chi  |d 27/10/2011 
OWN |a LSP 
AVA |a UDN50  |b LSP  |d 743.4 TR-L  |e available  |t Error 5001 Not defined in file expand_doc_bib_avail.  |f 9  |g 0  |h N  |i 0  |k 1 
999 |a From the UDN01 
AVA |a UDN50  |b LSP  |d 743.4 TR-L  |e available  |t Error 5001 Not defined in file expand_doc_bib_avail.  |f 9  |g 0  |h N  |i 0  |k 1 
TYP |a Monograph 
TYP |a Printed language 
980 |a Mạng thư viện Đại học Đà Nẵng